000 00915nam0a22002651 4500
001 rc\4188814
005 20130415193357.7
021 _aRU
_b[52-18722]
035 _a(NLR Aleph) 008195268
090 _a8001738
_c8001738
100 _a20130415d1952 |||y0rusy50 ca
101 0 _arus
102 _aRU
105 _aa z |||||
200 1 _aПромышленные паротурбинные электрические станции
210 _aМосква
_aЛенинград
_cГосэнергоиздат
_d1952
215 _a183 с., 1 л. схем.
_cчерт.
_d26
320 _aБиблиогр.: с. 182-184 (67 назв.)
606 _aТепловые электрические станции
_2psbo
700 1 _aЮренев
_bВ. Н.
_gВладимир Николаевич
801 0 _aRU
_bNLR
_gpsbo
801 1 _aRU
_bELAR
_2rusmarc
852 _aNLR
_jТ20 Г-7/111
942 _cBOOK
980 _aNB